[Event "Vojvodina-chT"]
[Site "Novi Sad"]
[Date "2017.11.17"]
[Round "6.6"]
[White "Skoko, Milan"]
[Black "Babic, Dusan S"]
[Result "1-0"]
[WhiteElo "2153"]
[BlackElo "1836"]
[PlyCount "63"]
[EventDate "2017.11.13"]
[EventType "team-tourn"]
[EventRounds "11"]
[EventCountry "SRB"]
[SourceTitle "CBM 181 Extra"]
[Source "ChessBase"]
[SourceDate "2017.12.12"]
[SourceVersion "1"]
[SourceVersionDate "2017.12.12"]
[SourceQuality "1"]
[WhiteTeam "Stara Pazova"]
[BlackTeam "Srpska Crnja Buducnost"]
[WhiteTeamCountry "SRB"]
[BlackTeamCountry "SRB"]

1. e4 e5 2. Nf3 Nc6 3. d4 exd4 4. Nxd4 Bc5 5. Nf5 Qf6 6. Nc3 Nge7 7. Ne3 d6 8. Be2 a6 9. 0-0 0-0 10. Kh1 Ng6 11. f4 Nd4 12. Bd3 b5 13. Ncd5 Qd8 14. f5 Ne5 15. f6 g6 16. Qe1 Kh8 17. Qh4 Ndc6 18. Ne7 Be6 19. Rf4 g5 20. Qxg5 Rg8 21. Nxg8 Qxg8 22. Qxg8+ Rxg8 23. Be2 Ng6 24. Rf1 Nd4 25. Bd1 Nc6 26. Nf5 Bxf5 27. exf5 Nge5 28. Bh6 Ra8 29. c3 Nd3 30. h3 Nxb2 31. a4 bxa4 32. Bxa4 1-0